Termodinámica técnica

Bibliographic Details
Main Author: Sushkov, V.
Format: Section = Libro
Language:Undetermined
Spanish
Published: Moscú Mir Moscú 1971
Subjects:
LEADER 00425nam a2200169Ia 4500
008 240829s9999 xx 000 0 und d
040 |a BIBLIOTECA-RUPAP 621.4021 S964 
041 |a spa 
082 |a 621.4021 S964 
100 1 |a Sushkov, V. 
245 1 0 |a Termodinámica técnica 
260 |a Moscú  |b Mir Moscú  |c 1971 
300 |a 415 p. :il. 
650 7 |a TERMODINAMICA. I. Tít. 
942 |c BK  |2 ddc 
991 |a TEXTO 
999 |c 9225